Cousas d'as mulleres e outras poesias (Record no. 163782)

MARC details
000 -LEADER
campo de control de longitud fija 00555nam a22001695i 4500
001 - NÚMERO DE CONTROL
campo de control 163782
003 - IDENTIFICADOR DE NÚMERO DE CONTROL
campo de control ES-MaACL
005 - FECHA Y HORA DE LA ÚLTIMA TRANSACCIÓN
campo de control 20250718063335.0
008 - DATOS DE LONGITUD FIJA--INFORMACIÓN GENERAL
campo de control de longitud fija 950206s1890 sp |||| | glg d
040 ## - FUENTE DE CATALOGACIÓN
Centro catalogador/agencia de origen GA
100 1# - ENTRADA PRINCIPAL--NOMBRE DE PERSONA
Nombre de persona Rodríguez López, Jesús,
Fechas asociadas al nombre 1859-1917
9 (RLIN) 98613
245 10 - MENCIÓN DEL TÍTULO
Título Cousas d'as mulleres e outras poesias
Resto del título : poema /
Mención de responsabilidad, etc. por Xesus Rodriguez López.
260 ## - PUBLICACIÓN, DISTRIBUCIÓN, ETC.
Lugar de publicación, distribución, etc. Lugo :
Nombre del editor, distribuidor, etc. [s.n.],
Fecha de publicación, distribución, etc. 1890 (
Fabricante Tip. de A. Villamarin)
300 ## - DESCRIPCIÓN FÍSICA
Extensión 205 p. ;
Dimensiones 20 cm.
852 ## - LOCALIZACIÓN
Ubicación ES-MaACL
Número de control de estantería G-9195
Nota libre -- Enc. pasta española
Holdings
Estatus retirado Estado de pérdida Estado de daño No para préstamo Colección Biblioteca de origen Biblioteca actual Ubicación en estantería Fecha de adquisición Total de préstamos Signatura topográfica completa Código de barras Visto por última vez Precio de reemplazo Tipo de ítem Koha
        Libros del s. XIX Biblioteca del Ateneo de Madrid Biblioteca del Ateneo de Madrid Sala Pecera Planta 3 17/01/2008   G-9195 1171642 23/02/2023 23/02/2023 Libro impreso antiguo